Pinturas australianas aborígenes /
Guardado en:
| Autor Principal: | |
|---|---|
| Formato: | Libro |
| Publicado: |
Buenos Aires :
Hermes / Unesco,
1964
|
| Materias: | |
| Etiquetas: |
Agregar Etiqueta
Sin Etiquetas, Sea el primero en etiquetar este registro!
|
| LEADER | 00526nam a22001935a 4500 | ||
|---|---|---|---|
| 001 | CEM.cems004547 | ||
| 005 | 20060216000000.0 | ||
| 008 | 130507s1964##################000#0#####d | ||
| 003 | CEMS | ||
| 082 | 0 | 4 | |a 759.01 |
| 100 | 1 | |a Mountford, Charles | |
| 245 | 1 | 0 | |a Pinturas australianas aborígenes / |
| 260 | |a Buenos Aires : |b Hermes / Unesco, |c 1964 | ||
| 300 | |a 31 p. | ||
| 653 | |a Arte | ||
| 653 | |a Historia del arte | ||
| 653 | |a Pintura | ||
| 653 | |a Pintura rupestre | ||
| 859 | |a CEMS |b BIB. CEMS - 11 de abril |h 759.01 |i M863 |p 3857.75 |t Ej.1 | ||
